Biblioteka Instytutu Północnego w Olsztynie

Widok standardowy Widok MARC

Pozycja Personal Name

Liczba rekordów, w których użyto hasła: 1

001 - Numer kontrolny

  • control field: 12127

003 - Identyfikator numeru kontrolnego

  • control field: NUKAT

005 - Data i czas ostatniej modyfikacji

  • control field: 20260430111000.0

008 - Dane kontrolne kodowane (40 znaków)

  • fixed length control field: 980407n||a|znnaabn |a aaa |c

010 ## - Numer kontrolny Biblioteki Kongresu

  • numer kontrolny LC: n 98043780

040 ## - Instytucja sporządzająca rekord

  • inst. przygot. dane do rek. khw: KR U/BB
  • język haseł przedmiotowych/tezaurus: kaba
  • inst. wprow. rek. khw: KR U/BB
  • inst. modyf. rek. khw: KR U/bs

100 1# - Hasło - nazwa osobowa

  • nazwa osobowa w formie ujednoliconej: Smoliński, Aleksander
  • daty biograficzne: (1964- ).

670 ## - Źródło informacji

  • źródło informacji: Wybrane problemy z historii karabinu przeciwpancernego wz. 35,1 / Aleksander Smoliński // Arsenał Poznański. - R.2 (1993), I, cz.1-2

670 ## - Źródło informacji

  • źródło informacji: Jazda Rzeczypospolitej Polskiej w okresie od 12 X 1918 do 25 IV 1920 / Aleksander Smoliński. - Toruń, cop. 2000.
  • gdzie znaleziono informację: Biogram

670 ## - Źródło informacji

  • źródło informacji: Aleksander Smoliński, "Zarys dziejów I Armii Konnej (1919-1923)" EKO-Dom Sp. z o.o., Grajewo 2003, ss. 160 / Tomasz Grzegorczyk // Zeszyt Naukowy. - Z. 20 (2007), s. 165-168
Biblioteka Instytutu Północnego, ul. Partyzantów 87, 10-402 Olsztyn, email: biblioteka(at)ip.olsztyn.pl